| 000 | 00536cas1a220016900 4500 | ||
|---|---|---|---|
| 001 | zam00005329 | ||
| 008 | 951212n xx eng u | ||
| 022 | _a0486-6096 | ||
| 035 | _a(Sirsi) r22535 | ||
| 050 | _aD839.R4I5A35 | ||
| 245 | 0 | 0 | _aReview of international affairs. |
| 260 |
_aBelgrade _b Jugoslovenska Strarnost _c 1989 |
||
| 310 | _aBimonthly. | ||
| 362 | _aVol.24, No.546, 1973 - Vol.40, No.941, 1989. | ||
| 520 | _aIt contains information about politics, economics, law, science and culture. | ||
| 650 | _aPolitics. | ||
| 999 |
_c181373 _d181373 |
||